La Ejecutoria penal (Registro nro. 160503)
[ vista simple ]
| 000 -LEADER | |
|---|---|
| fixed length control field | 01147nam a2200265 a 4500 |
| 007 - PHYSICAL DESCRIPTION FIXED FIELD--GENERAL INFORMATION | |
| fixed length control field | cr ||||||||||| |
| 008 - FIXED-LENGTH DATA ELEMENTS--GENERAL INFORMATION | |
| fixed length control field | 101216s2008 sp ||||fs|||||0|| 0 spa|c |
| 020 ## - INTERNATIONAL STANDARD BOOK NUMBER | |
| International Standard Book Number | 9788480048453 |
| 035 ## - | |
| -- | 5244 |
| 040 ## - CATALOGING SOURCE | |
| Original cataloging agency | CCUC |
| Modifying agency | vLex |
| 090 ## - | |
| -- | 2068 |
| -- | 2068 |
| 100 1# - MAIN ENTRY--PERSONAL NAME | |
| Personal name | Ruesta Botella, María Luisa |
| 245 13 - TITLE STATEMENT | |
| Title | La Ejecutoria penal |
| Medium | [Recurso electrónico] |
| Statement of responsibility, etc | Mª Luisa Ruesta Botella |
| 256 ## - | |
| -- | Servicio en línea |
| 260 ## - PUBLICATION, DISTRIBUTION, ETC. (IMPRINT) | |
| Place of publication, distribution, etc | [Madrid] : |
| Name of publisher, distributor, etc | Editorial Universitaria Ramón Areces, |
| Date of publication, distribution, etc | 2008 |
| 300 ## - PHYSICAL DESCRIPTION | |
| Extent | 1 recurso electrónico |
| 500 ## - GENERAL NOTE | |
| General note | Descripción del recurso: el 27 de abril de 2011 |
| 506 1# - RESTRICTIONS ON ACCESS NOTE | |
| Terms governing access | Contenido solo disponible en los productos indicados |
| Authorized users | vLex Global |
| -- | vLex Global (Academic Edition, excluding Law Schools) |
| -- | vLex Global (U.S. Academic Edition, Law Schools) |
| -- | vLex Global (U.S. Academic Edition, excluding Law Schools) |
| -- | vLex Global (Academic Edition, Law Schools) |
| 650 #4 - SUBJECT ADDED ENTRY--TOPICAL TERM | |
| Topical term or geographic name as entry element | Ejecución de sentencias |
| Source of heading or term | Tesauro vLex |
| 650 #4 - SUBJECT ADDED ENTRY--TOPICAL TERM | |
| Topical term or geographic name as entry element | Derecho penal |
| Source of heading or term | Tesauro vLex |
| 740 #0 - | |
| -- | vLex Libros (Servicios en línea) |
| 856 ## - LOCALIZACIÓN Y ACCESO ELECTRÓNICO | |
| Identificador Uniforme del Recurso (URI/URL) | https://app.vlex.com/#/sources/ejecutoria-penal-5244 |
| 942 ## - | |
| -- | RAA |
| 999 ## - | |
| -- | 160503 |
| -- | 160503 |
No hay ítems disponibles.